| 000 | 00000nam 2200000za 4500 |
| 001 | 9.582450 |
| 003 | CaOODSP |
| 005 | 20210624192046 |
| 007 | cr ||||||||||| |
| 008 | 150406s2004 xxc|||||o f|0| 0 fre d |
| 020 | |a0-662-67995-4 |
| 040 | |aCaOODSP|bfre |
| 041 | |aeng |
| 041 | |afre |
| 043 | |an-cn--- |
| 086 | 1 |aS52-2/256-2004-PDF |
| 110 | 1 |aCanada.|bTravaux publics et Services gouvernementaux Canada.|bBureau de la traduction. |
| 245 | 10|aLexique des élections |h[ressource électronique] / |c[par] Iliana Auverana. |
| 250 | |a3e éd. |
| 260 | |aOttawa : |bTravaux publics et Services gouvernementaux Canada,|c2004. |
| 300 | |a321 p. |
| 490 | 1 |aBulletin de terminologie ; |vN° 256 |
| 500 | |a«...porte sur 1 582 notions, dont environ 700 nouvelles.» -- Introd. |
| 504 | |aBibliographie. |
| 590 | |a07-04-Supp|b2007-06-29 |
| 691 | 07|aTerminologie|2gcpds |
| 691 | 07|aÉlections|2gcpds |
| 700 | 1 |aAuverana, Iliana. |
| 791 | |tElections glossary |eeng|w(CaOODSP)9.582449 |
| 830 | #0|aBulletin de terminologie ;|vN° 256|w(CaOODSP)9.500140 |
| 856 | 40|ahttp://publications.gc.ca|qPDF|s697 Ko|uhttps://publications.gc.ca/collections/Collection/S52-2-256-2004.pdf|yN° 256 |